| Tag |
First Indicator |
Second Indicator |
Subfields |
| LEADER |
00000cam a2200000 4500 |
| 001 |
in00000698021 |
| 005 |
20151016051131.0 |
| 008 |
760303s1967 enka b 00110 eng |
| 010 |
|
|
|a 65017951
|
| 035 |
|
|
|a (OCoLC)02027403
|
| 035 |
|
|
|9 ADA9565AM
|
| 040 |
|
|
|a DLC
|c SOI
|d OCL
|d TXA
|d UtOrBLW
|
| 049 |
|
|
|a TXAM
|c 1 [480168]
|c 2 [480169]
|
| 050 |
0 |
0 |
|a TA422
|b .F53 1967
|
| 082 |
0 |
|
|a 620.1/2
|
| 100 |
1 |
|
|a Findlay, W. P. K.
|q (Walter Philip Kennedy)
|
| 245 |
1 |
0 |
|a Timber pests and diseases /
|c [by] W. P. K. Findlay.
|
| 250 |
|
|
|a [1st ed.].
|
| 264 |
|
1 |
|a Oxford,
|a New York :
|b Pergamon Press,
|c [1967]
|
| 300 |
|
|
|a xi, 280 pages :
|b illustrations ;
|c 21 cm.
|
| 336 |
|
|
|a text
|b txt
|2 rdacontent
|
| 337 |
|
|
|a unmediated
|b n
|2 rdamedia
|
| 338 |
|
|
|a volume
|b nc
|2 rdacarrier
|
| 490 |
0 |
|
|a Pergamon series of monographs on furniture and timber, v. 5
|
| 504 |
|
|
|a Bibliography: page 271.
|
| 650 |
|
0 |
|a Wood
|x Deterioration.
|
| 650 |
|
0 |
|a Trees
|x Diseases and pests.
|
| 999 |
|
|
|a MARS
|
| 999 |
f |
f |
|s ae638199-3e2b-3c51-acf7-27ff81c9e5bf
|i dfdbe166-452c-397a-81b6-efab8ed3ce43
|t 0
|
| 952 |
f |
f |
|p ric
|a Texas A&M University
|b Rellis Campus
|c Joint Library Facility
|d Remote Storage
|t 0
|e TA422 .F53 1967
|h Library of Congress classification
|i unmediated -- volume
|m A14805318421
|
| 998 |
f |
f |
|a TA422 .F53 1967
|t 0
|l Remote Storage
|